| 000 | 00472nam a2200133Ia 4500 | ||
|---|---|---|---|
| 008 | 220615s9999||||xx |||||||||||||| ||und|| | ||
| 020 | _a9780260000000 | ||
| 100 | _aSmith, Jessica M. | ||
| 245 | 0 |
_aExtracting Accountability _bEngineers and Corporate Social Responsibility |
|
| 546 | _aEnglish[eng] | ||
| 650 | _aEnergy technology and engineering||Energy||Environmental science, engineering and technology | ||
| 856 | _uhttp://mitpress.mit.edu/9780262542166 | ||
| 942 | _cEB | ||
| 999 |
_c15202 _d15202 |
||